000 00332nam a22001217a 4500
008 181123b xxu||||| |||| 00| 0 eng d
041 _aeng
080 _a043.3
100 _a0
101 _aMTH-SHKI
245 _aAlgoritmi dhe implementimi programor i disa kriptimeve të të dhënave ekonomike
_cAbdurrahmani,V
942 _2udc
_cBK
999 _c52438
_d52438